Chinese civil law for business
Guardat en:
| Autor principal: | |
|---|---|
| Format: | Llibre |
| Idioma: | anglès |
| Publicat: |
Hong Kong
Open University of Hong Kong Press
2013
|
| Edició: | 1a. ed |
| Col·lecció: | Chinese Business Law
|
| Matèries: | |
| Etiquetes: |
Afegir etiqueta
Sense etiquetes, Sigues el primer a etiquetar aquest registre!
|
MARC
| LEADER | 00000cam a2200000 a 4500 | ||
|---|---|---|---|
| 001 | UCC6442 | ||
| 003 | CL-VaPUC | ||
| 008 | 181207e20130000ch |||||||||||||||||eng|d | ||
| 020 | |a 9789627707936 | ||
| 082 | 0 | 4 | |a 340.951 |b XIA |2 21 |
| 100 | 0 | |a Xiaoyang, Zhang |e author |9 600902 | |
| 245 | 1 | 0 | |a Chinese civil law for business |
| 250 | |a 1a. ed | ||
| 300 | |a 333 p | ||
| 942 | |c BK | ||
| 945 | |d 20181207 13:37:00 |a dcastane | ||
| 260 | |a Hong Kong |b Open University of Hong Kong Press |c 2013 | ||
| 650 | 7 | |a DERECHO CHINO |2 CL-VaPUC |9 400975 | |
| 650 | 0 | |a Derecho civil |9 255013 | |
| 650 | 7 | |a REFORMA LEGAL |2 CL-VaPUC |9 255483 | |
| 583 | |a last modification |c 20181207 13:37:00 |k Rodrigo Vera | ||
| 490 | 0 | |a Chinese Business Law | |
| 999 | |c 373390 |d 373388 | ||
| 952 | |0 0 |1 0 |3 erb |4 0 |6 340_951000000000000_XIA_2013 |7 0 |8 A |9 491491 |a BIBDER |b BIBDER |i 5522129 |o 340.951 XIA 2013 |p 5522129 |r 2023-01-25 |w 2019-11-24 |y BK |z Catalogado en:20181207 |k DER | ||